La doctrine.

Salvato in:
Dettagli Bibliografici
Autore principale: Jestaz, Philippe (autor)
Altri autori: Jamin, Christophe (autor)
Natura: Libro
Pubblicazione: Paris, France: Dalloz, 2004.
Serie:Mèthodes du droit.
Soggetti:
Tags: Aggiungi Tag
Nessun Tag, puoi essere il primo ad aggiungerne!!

MARC

LEADER 00000nam a2200000 a 4500
001 UCT4523
003 CL-VaPUC
005 20220822114533.0
008 220630t2004 ||||| |||| 00| 0 eng d
999 |c 436567  |d 436565 
020 |a 978-247048953 
040 |c Pontificia Universidad Católica de Valparaíso 
082 7 |a 340.1 JES 2004  |2 22 
100 0 |a Jestaz, Philippe  |e autor  |9 373864 
245 1 3 |a La doctrine.  
260 |a Paris, France:   |b Dalloz,   |c 2004. 
300 |a 314 páginas.  
490 |a Mèthodes du droit.  
500 |a c.1 Donación Familia Prof. Alejandro Guzmán Brito. 
583 |a last modification  |c 19961114 00:00:00  |k Cristina María Rojas Aguilar 
650 |a Derecho   |z Francia   |9 872019 
650 |a Doctrina jurídica   |z Francia   |9 872020 
650 |a Doctrina jurídica   |z Estados Uidos  |9 872021 
650 |a Derecho   |z Estados Unidos  |9 871813 
700 |a Jamin, Christophe   |e autor  |9 871889 
942 |c BK  |2 ddc  |n 0 
952 |0 0  |1 0  |2 ddc  |4 0  |6 340_100000000000000_JES_2004  |7 1  |8 C_AGB  |9 584243  |a BIBDER  |b BIBDER  |d 2022-06-30  |e Donación   |i 5652354  |o 340.1 JES 2004  |p 5652354  |r 2023-01-25  |t 1  |w 2022-06-30  |y BK_US  |k AGB